Catálogo
 En Linea

Conclusiones del primer congreso de administración : (Registro nro. 31679)

Detalles MARC
000 -CABECERA
campo de control de longitud fija 00560nam a2200157 a 4500
001 - NÚMERO DE CONTROL
campo de control 000032188
005 - FECHA Y HORA DE LA ÚLTIMA TRANSACCIÓN
campo de control 20200930063514.0
008 - DATOS DE LONGITUD FIJA--INFORMACIÓN GENERAL
campo de control de longitud fija 110713s1976 dr 000 0 spa d
040 ## - FUENTE DE LA CATALOGACIÓN
Centro catalogador/agencia de origen DO-SdBNP
Lengua de catalogación spa
Centro/agencia transcriptor BNPHU
082 ## - NÚMERO DE LA CLASIFICACIÓN DECIMAL DEWEY
Número de clasificación xxxx
Número de documento/Ítem C744p
049 ## - FONDOS LOCALES (OCLC)
Fondos de biblioteca BNPD
110 2# - ENTRADA PRINCIPAL--NOMBRE DE ENTIDAD CORPORATIVA
Nombre de entidad corporativa o nombre de jurisdicción como elemento de entrada Asociación Dominicana de Profesionales en la Administración
9 (RLIN) 58268
245 10 - MENCIÓN DE TÍTULO
Título Conclusiones del primer congreso de administración :
Resto del título lista de asociados.
260 ## - PUBLICACIÓN, DISTRIBUCIÓN, ETC.
Lugar de publicación, distribución, etc. [Santo Domingo :
Nombre del editor, distribuidor, etc. Asociación Dominicana de Profesionales en la Administración,
Fecha de publicación, distribución, etc. 1976].
300 ## - DESCRIPCIÓN FÍSICA
Extensión [18 p.] ;
Dimensiones 21 cm.
Existencias
Estado de retiro Estado de pérdida No para préstamo Código de colección Localización permanente Ubicación/localización actual Ubicación en estantería Fecha de adquisición Número de inventario Total de préstamos Signatura topográfica completa Código de barras Fecha visto por última vez Precio válido a partir de Tipo de ítem Koha Restricciones de uso Nota pública
    Excluido de préstamo Patrimonio Dominicano Patrimonio Dominicano Patrimonio Dominicano En catalogación 13.07.2011 LF1   xxxx C744p 32188-10 25.06.2020 25.06.2020 Libro y Folleto Colección Patrimonio Dominicano    
    Excluido de préstamo Raros y valiosos Patrimonio Dominicano Patrimonio Dominicano Depósito 13.07.2011 LF1   xxxx C744p 32189-10 25.06.2020 25.06.2020 No se presta   Perteneció a la biblioteca personal de Carlos Larrabazal Blanco.

Con tecnología Koha